000 00427nam a2200181Ia 4500
001 719
005 20260306140538.0
008 260306t2010||||xx |||||||||||||| ||spa||
041 _aESP
082 _a144
_bL89 Nº 2
100 _aLorda, Juan Luis
_eAUT
245 0 _aHumanismo II:
_btareas del espíritu
260 _c2010
300 _a223 páginas :
_c20 cm.
650 _aGEN
654 _aCHU
942 _cLIB
_dJUS
_fJUS
_2ddc
_n
999 _c719
_d719